[Event "Challenge"]
[Site "http://www.queenalice.com/game.php?id=884218"]
[Date "2011.1.10"]
[Round "-"]
[White "alexcesarfe"]
[Black "primael"]
[Result "1-0"]
[WhiteElo "1584"]
[BlackElo "1552"]

1. e4 e5 2. Nf3 Nc6 3. h3 a6 4. a3 Nf6 5. d3 Bc5 6. b4 Bd4 7. c3 Bb6 8. Bg5 h6
9. Bxf6 gxf6 10. Be2 Ne7 11. O-O d5 12. exd5 Qxd5 13. c4 Qd6 14. c5 Bxc5 15.
bxc5 Qxc5 16. Qa4+ b5 17. Qe4 c6 18. Qh4 Qc2 19. Qxf6 Rf8 20. Nbd2 Nd5 21. Qxe5+
Be6 22. Rfc1 Qa4 23. Ne4 Qa5 24. Nd6+ Kd7 25. Nd4 Nc7 26. Rxc6 Nd5 27. Nb7 1-0

[Event "AUTO-INT-1921"]
[Site "http://www.queenalice.com/game.php?id=884292"]
[Date "2011.1.11"]
[Round "1"]
[White "pacomar16"]
[Black "primael"]
[Result "0-1"]
[WhiteElo "1292"]
[BlackElo "1578"]

1. e4 e5 2. d4 exd4 3. Qxd4 Nc6 4. Qd5 Nb4 5. Qc4 b6 6. Nc3 Nxc2+ 7. Ke2 Nxa1 8.
Bf4 Nc2 9. Qd3 Nb4 10. Nd5 Nxd3 11. Kxd3 Ba6+ 12. Kd4 Rc8 13. Bc4 Bxc4 14. Kxc4
Bd6 15. Bxd6 cxd6+ 16. Kd4 Nf6 17. e5 dxe5+ 18. Kxe5 d6+ 19. Kd4 Nxd5 20. Kxd5
Rc5+ 21. Kd4 Qh4+ 22. Ke3 Qg5+ 23. f4 Qxg2 24. Nf3 Qxh1 0-1

[Event "AUTO-INT-1921"]
[Site "http://www.queenalice.com/game.php?id=884293"]
[Date "2011.1.11"]
[Round "1"]
[White "primael"]
[Black "pacomar16"]
[Result "1-0"]
[WhiteElo "1603"]
[BlackElo "1276"]

1. e4 e5 2. Nf3 Qf6 3. Bc4 Nc6 4. Nc3 Bc5 5. Nd5 Qf4 6. Nxf4 Nf6 7. Nd5 Nd4 8.
Nxc7+ Ke7 9. Nxa8 b5 10. Bd5 Kd6 11. Ng5 Ba6 12. Nxf7+ Ke7 13. Nxh8 Nxd5 14.
exd5 Kd6 15. Nf7+ Kxd5 16. Nc7+ Kc4 17. Nxa6 Bb6 18. Nxe5+ Kd5 19. Nxd7 Bc7 20.
Qh5+ Kc6 21. Ne5+ Bxe5 22. Qe8+ Kb6 23. c3 Nc6 24. Nb8 Kc7 25. Na6+ Kb7 26. Nc5+
Kb6 27. d4 Bd6 28. O-O Ne7 29. Qd7 Bxc5 30. dxc5+ Kxc5 31. Qxe7+ Kc4 32. Rd1 a5
33. Rd4# 1-0

[Event "AUTO-INT-1921"]
[Site "http://www.queenalice.com/game.php?id=884300"]
[Date "2011.1.11"]
[Round "1"]
[White "primael"]
[Black "ArzadSharlaan"]
[Result "0-1"]
[WhiteElo "1550"]
[BlackElo "1357"]

1. e4 e5 2. Nf3 Nc6 3. Nc3 Nf6 4. Bc4 Bc5 5. Ng5 Ng4 6. Qxg4 d6 7. Qf3 Qxg5 8.
Nd5 O-O 9. Nxc7 Rb8 10. d4 Qe7 11. dxc5 Qxc7 12. O-O Nd4 13. Qe3 Nxc2 14. Qd2
Nxa1 15. b3 Qxc5 16. Bb2 b5 17. Rxa1 bxc4 18. bxc4 Qb4 19. Qxb4 Rxb4 20. Ba3
Rxc4 21. Bxd6 Re8 22. f3 Re6 23. Ba3 Rec6 24. h3 f6 25. Bb2 Rc2 26. Bxe5 Rc1+
27. Rxc1 Rxc1+ 28. Kf2 Rc2+ 29. Kg3 fxe5 30. a4 Ra2 0-1

[Event "AUTO-INT-1921"]
[Site "http://www.queenalice.com/game.php?id=884301"]
[Date "2011.1.11"]
[Round "1"]
[White "ArzadSharlaan"]
[Black "primael"]
[Result "1-0"]
[WhiteElo "1381"]
[BlackElo "1526"]

1. e4 e5 2. Nf3 Nc6 3. Nc3 Bc5 4. Bc4 Nh6 5. d3 Ng4 6. Qe2 Bxf2+ 7. Kd1 Bc5 8.
Ng5 Qf6 9. Qxg4 d6 10. Qf3 Nd4 11. Qxf6 gxf6 12. Nxf7 Rg8 13. g3 Be6 14. Nh6 Rg6
15. Nb5 O-O-O 16. Rf1 a6 17. Nxd4 Bxc4 18. Be3 Bxd4 19. Ke2 Bxe3 20. Nf5 Bh6 21.
Ne7+ Kd7 22. Nxg6 Bf7 23. Nh4 Bh5+ 24. Ke1 Bf7 25. Rxf6 Bd2+ 26. Kxd2 Ke7 27.
Raf1 Be6 28. Rh6 Rf8 29. Nf5+ Bxf5 30. exf5 Kf7 31. Rxh7+ 1-0

[Event "AUTO-OPEN-2226"]
[Site "http://www.queenalice.com/game.php?id=884517"]
[Date "2011.1.11"]
[Round "1"]
[White "michas"]
[Black "primael"]
[Result "0-1"]
[WhiteElo "1816"]
[BlackElo "1536"]

1. h4 c5 2. h5 d5 3. h6 Nxh6 4. d4 Bf5 5. Bxh6 gxh6 6. dxc5 Qa5+ 7. c3 Qxc5 8.
Qa4+ Bd7 9. Qd4 Qxd4 10. cxd4 e6 11. Nc3 Na6 12. e4 dxe4 13. Bxa6 bxa6 14. Nxe4
Be7 15. Rxh6 O-O 16. Nf6+ Bxf6 17. Rxf6 Rab8 18. b3 Rb4 19. Nf3 Kg7 20. Rf4 Rg8
21. Rg4+ Kh8 22. Rxg8+ Kxg8 23. Rc1 a5 24. Rc7 Be8 25. Rxa7 a4 26. bxa4 Bxa4 27.
a3 Rc4 28. Ra8+ Kg7 29. Rd8 Rc3 30. Rd7 Bxd7 0-1

[Event "AUTO-OPEN-2226"]
[Site "http://www.queenalice.com/game.php?id=884518"]
[Date "2011.1.11"]
[Round "1"]
[White "primael"]
[Black "michas"]
[Result "0-1"]
[WhiteElo "1537"]
[BlackElo "1777"]

1. d4 h5 2. c4 h4 3. Bf4 h3 4. Nxh3 d5 5. e3 Bxh3 6. gxh3 dxc4 7. Bxc4 e6 8. Nc3
Rxh3 9. Nb5 Na6 10. Qa4 Bb4+ 11. Kf1 c6 12. Nc7+ Nxc7 13. Bxc7 Qxc7 14. Qxb4
O-O-O 15. a4 Rxh2 16. Rxh2 Qxh2 17. Ke2 Qh5+ 18. Kd2 e5 19. Qc5 exd4 20. Qxh5
dxe3+ 21. Kxe3 Re8+ 22. Kf3 g6 23. Qh7 Rf8 24. Bxf7 Nf6 25. Qxg6 Nd5 26. Qe6+
Kc7 27. Ke2 Nf4+ 28. Ke3 Nxe6 29. Bxe6 Re8 30. Kf3 Rxe6 31. b4 Rf6+ 32. Ke2 Re6+
33. Kf3 Rf6+ 34. Kg2 Rf4 35. b5 cxb5 36. axb5 Kb6 37. Kg3 Rb4 38. f4 Rxb5 39.
Rf1 Rf5 40. Kg4 Rf8 41. f5 a5 42. Rb1+ Ka6 43. Kg5 a4 44. Kg6 Rc8 45. f6 Rc6 46.
Rf1 b5 47. Kg7 a3 48. f7 Rc7 49. Ra1 b4 50. Kg8 Rc8+ 51. Kg7 Rc7 52. Rf1 a2 53.
Kg8 Rc8+ 54. f8=Q Rxf8+ 55. Kxf8 b3 0-1

[Event "F%@#$! I lost my confidence!"]
[Site "http://www.queenalice.com/game.php?id=890725"]
[Date "2011.1.25"]
[Round "-"]
[White "primael"]
[Black "limaosiciliano"]
[Result "0-1"]
[WhiteElo "1552"]
[BlackElo "1932"]

1. e4 e5 2. Nf3 Nc6 3. Nc3 Nf6 4. a3 Be7 5. Bc4 O-O 6. d3 d6 7. h3 a6 8. O-O h6
9. Nd5 Be6 10. Qe1 Re8 11. Bd2 Bf8 12. Ba5 Bxd5 13. Bxd5 Nxa5 14. b4 Nc6 15. a4
Rb8 16. b5 axb5 17. axb5 Ne7 18. Ra7 Nexd5 19. exd5 Nxd5 20. c4 Nf4 21. Qe4 d5
22. cxd5 Qxd5 23. Qf5 Qxd3 24. Qxd3 Nxd3 25. Nd2 Bc5 26. Raa1 e4 27. Rad1 e3 28.
Ne4 e2 29. Rxd3 exf1=Q+ 30. Kxf1 Rxe4 31. Rd7 Rbe8 32. g3 Re2 33. Rd1 Rxf2+ 34.
Kg1 Rd2+ 35. Kf1 Rxd1+ 36. Kg2 Rd2+ 37. Kf3 Re3+ 38. Kf4 Rf2+ 39. Kg4 Re4+ 40.
Kh5 Rf5# 0-1

[Event "Challenge"]
[Site "http://www.queenalice.com/game.php?id=891166"]
[Date "2011.1.25"]
[Round "-"]
[White "primael"]
[Black "titi93"]
[Result "1-0"]
[WhiteElo "1531"]
[BlackElo "1647"]

1. e4 e5 2. Nf3 d6 3. Nc3 Bg4 4. Bc4 Be6 5. Bxe6 fxe6 6. d3 Be7 7. d4 exd4 8.
Nxd4 e5 9. Ne6 Qc8 10. Qg4 Nf6 11. Qxg7 Rg8 12. Qh6 Qxe6 13. Nd5 Kd7 14. Bg5 Rg6
15. Qh4 c6 16. Bxf6 Bxf6 17. Qxh7+ Rg7 18. Nxf6+ Ke7 19. Qxg7+ Qf7 20. Qg5 Qxf6
21. Qe3 Na6 22. O-O Nb4 23. Qb3 c5 24. c3 Nd3 25. Qd5 Nf4 26. Qxb7+ Ke6 27. Qxa8
Qg7 28. g3 Nh3+ 29. Kh1 Qg6 30. Qd5+ Ke7 31. Qb7+ Ke6 32. Qd5+ Ke7 33. Rad1 a5
34. Qc6 Ng5 35. Qc7+ Ke6 36. Rxd6# 1-0

[Event "Challenge"]
[Site "http://www.queenalice.com/game.php?id=898323"]
[Date "2011.2.10"]
[Round "-"]
[White "titi93"]
[Black "primael"]
[Result "1-0"]
[WhiteElo "1639"]
[BlackElo "1504"]

1. e4 e5 2. Bc4 Nf6 3. d3 c6 4. h3 d5 5. exd5 cxd5 6. Bb5+ Bd7 7. Nc3 Bxb5 8.
Nxb5 a6 9. Nc3 d4 10. Ne4 Nxe4 11. dxe4 Nd7 12. f4 Nc5 13. Nf3 Nxe4 14. Nxe5 f6
15. Nf3 Bc5 16. c3 dxc3 17. bxc3 O-O 18. Qxd8 Raxd8 19. c4 Nf2 20. O-O Nxh3+ 21.
Kh2 Nxf4 22. Bxf4 g5 23. Bc7 Rd2 24. Nxd2 1-0

[Event "Challenge"]
[Site "http://www.queenalice.com/game.php?id=900774"]
[Date "2011.2.15"]
[Round "-"]
[White "vogeleduardo"]
[Black "primael"]
[Result "1-0"]
[WhiteElo "1538"]
[BlackElo "1582"]

1. Nc3 Nf6 2. Nf3 Nc6 3. g3 h6 4. Bg2 d5 5. d4 e6 6. Bf4 a6 7. O-O Bd6 8. Ne5
O-O 9. e4 g5 10. Be3 dxe4 11. Nxc6 bxc6 12. Nxe4 Nxe4 13. Bxe4 f5 14. Bxc6 a5
15. Bxa8 Ba6 16. Bg2 Bxf1 17. Kxf1 Qb8 18. b3 Qb5+ 19. Qe2 Qb4 20. c3 Qxc3 21.
Rc1 Qb4 22. d5 exd5 23. Bxd5+ Kh8 24. Qh5 Rf6 25. Bxg5 Qd4 26. Bxf6+ Qxf6 27.
Qf7 Qxf7 28. Bxf7 c5 29. Kg2 Kg7 30. Bd5 Kg6 31. Rd1 Be5 32. a4 Kf6 33. Bg8 Kg5
34. Rd5 Bc3 35. Rxc5 1-0

[Event "Challenge"]
[Site "http://www.queenalice.com/game.php?id=910464"]
[Date "2011.3.9"]
[Round "-"]
[White "bumpywater"]
[Black "primael"]
[Result "1-0"]
[WhiteElo "1701"]
[BlackElo "1606"]

1. e4 e5 2. Nf3 Nc6 3. Bc4 h6 4. d3 Be7 5. Nc3 Nf6 6. d4 exd4 7. Nxd4 Bb4 8.
Nxc6 bxc6 9. O-O Bxc3 10. bxc3 Nxe4 11. Re1 d5 12. Bd3 Bf5 13. Ba3 Qd7 14. c4
O-O-O 15. Qf3 g6 16. Qe3 Rhe8 17. Qxa7 Qe6 18. Qa6+ Kd7 19. Red1 Nc3 20. Re1 Qf6
21. Bb2 Ra8 22. Bxf5+ Qxf5 23. Qb7 Reb8 24. Qxa8 Rxa8 25. Bxc3 dxc4 26. Rad1+
Kc8 27. Re8+ Kb7 28. Rb1+ Ka7 29. Bd4+ c5 30. Re5 Qxc2 31. Bxc5+ Ka6 32. Ree1
Qa4 33. a3 c3 34. Rbc1 Re8 35. Red1 Kb7 36. h3 c2 37. Rd2 Kc8 38. Rdxc2 c6 39.
Bd6 Re6 40. Rxc6+ Kd7 41. R6c4 Qa6 42. Bf8 h5 43. Bg7 Qxa3 44. Rd1+ Ke7 45. Rc7+
1-0

[Event "Challenge"]
[Site "http://www.queenalice.com/game.php?id=917127"]
[Date "2011.3.25"]
[Round "-"]
[White "cathare"]
[Black "primael"]
[Result "0-1"]
[WhiteElo "1690"]
[BlackElo "1583"]

1. d4 d5 2. g3 Bd7 3. Nc3 Nf6 4. Bg2 Nc6 5. Bf4 e6 6. Nb5 Bd6 7. Bxd6 cxd6 8.
Nxd6+ Kf8 9. Nh3 b6 10. e3 h6 11. Qf3 Qe7 12. Qf4 g5 13. Qf3 Nb4 14. Qe2 Qxd6
15. c3 Nc6 16. Qf3 Ne4 17. Qh5 e5 18. f3 Nf6 0-1

[Event "AUTO-OPEN-2226"]
[Site "http://www.queenalice.com/game.php?id=923543"]
[Date "2011.4.8"]
[Round "2"]
[White "arrabi"]
[Black "primael"]
[Result "1-0"]
[WhiteElo "2019"]
[BlackElo "1592"]

1. e4 e5 2. Bc4 Nh6 3. d3 Bc5 4. a4 d6 5. h3 a6 6. c3 c6 7. Bxh6 gxh6 8. Qh5 Qf6
9. Nf3 b5 10. axb5 cxb5 11. Bxb5+ Bd7 12. Bxd7+ Nxd7 13. b4 Bb6 14. Nbd2 Rc8 15.
Rxa6 Ke7 16. Nc4 Bc7 17. Nh4 Ra8 18. Nf5+ Ke6 19. d4 Rxa6 20. d5# 1-0

[Event "AUTO-OPEN-2226"]
[Site "http://www.queenalice.com/game.php?id=923544"]
[Date "2011.4.8"]
[Round "2"]
[White "primael"]
[Black "arrabi"]
[Result "0-1"]
[WhiteElo "1594"]
[BlackElo "2017"]

1. e4 c5 2. Nc3 Nc6 3. Nf3 d6 4. Bc4 e6 5. d3 a6 6. a3 b5 7. Bb3 Na5 8. Bf4 Nxb3
9. cxb3 Bb7 10. O-O Be7 11. e5 dxe5 12. Nxe5 Nf6 13. Qe2 h6 14. a4 b4 15. Nd1
Nd5 16. Ne3 Nxf4 17. Qg4 Bg5 18. Rac1 f5 19. Nxf5 exf5 20. Qxf5 Qd5 21. Rce1
Qxg2# 0-1

[Event "AUTO-OPEN-2226"]
[Site "http://www.queenalice.com/game.php?id=923551"]
[Date "2011.4.8"]
[Round "2"]
[White "lupengui"]
[Black "primael"]
[Result "1-0"]
[WhiteElo "2616"]
[BlackElo "1584"]

1. e4 Nf6 2. e5 Nd5 3. d4 e6 4. c4 Nb4 5. Nc3 Be7 6. Nf3 d5 7. a3 N4c6 8. cxd5
exd5 9. Qb3 Be6 10. Qxb7 Nd7 11. Qxc6 h6 12. Nxd5 Bxd5 13. Qxd5 Nb6 14. Bb5+ Kf8
15. Qxd8+ Rxd8 16. h4 Nd5 17. b4 Nc3 18. Bc6 f6 19. Bd2 Nd5 20. Rc1 fxe5 21.
Nxe5 Nf6 22. Ng6+ Kg8 23. Nxe7+ Kf8 24. Ng6+ Kg8 25. Ba4 Rh7 26. Bb3+ Nd5 27.
Bxd5+ Rxd5 28. Ne7+ 1-0

[Event "AUTO-OPEN-2226"]
[Site "http://www.queenalice.com/game.php?id=923552"]
[Date "2011.4.8"]
[Round "2"]
[White "primael"]
[Black "lupengui"]
[Result "0-1"]
[WhiteElo "1586"]
[BlackElo "2615"]

1. e4 c6 2. Nc3 d5 3. exd5 cxd5 4. d4 Nc6 5. Nf3 Bg4 6. h3 Bxf3 7. Qxf3 Nf6 8.
Bf4 Nxd4 9. Qd3 Nc6 10. Nb5 e5 11. Bg5 a6 12. Nc3 Bb4 13. Be2 d4 14. O-O dxc3
15. bxc3 Qxd3 16. cxd3 Bxc3 17. Rab1 Nd4 18. Bd1 b5 19. Rc1 Nd5 20. Bb3 Nxb3 21.
axb3 f6 22. Be3 Nxe3 23. fxe3 Bd2 24. Rce1 Bxe1 25. Rxe1 Kf7 26. Kf2 Rhd8 27.
Rd1 a5 0-1